| 000 | 00904nam a22001937a 4500 | ||
|---|---|---|---|
| 008 | 100427t xxu||||| |||| 00| 0 eng d | ||
| 082 |
_bا ب و _222 _a320.5 |
||
| 100 |
_913716 _aابو بكر، يحي |
||
| 245 |
_aحقيقة السلام / _cيحي أبو بكر ، كمال متولي. |
||
| 260 |
_a[القاهرة] : _bمكتبة الأنجلو المصرية ، _c[د ت] . |
||
| 300 |
_a551 ص : _cخرائط . |
||
| 504 | _aيحتوي علي فهارس وارجاعات ببليوجرافية . | ||
| 650 |
_926788 _aالنظم الاقتصادية |
||
| 650 |
_917079 _aالمذاهب السياسية |
||
| 650 |
_917079 _aالمذاهب السياسية |
||
| 700 |
_913717 _aمتولي، كمال |
||
| 942 |
_2ddc _cBB |
||
| 999 |
_c13946 _d13946 |
||